000 00673nam a2200205Ia 4500
003 GCL
008 140319s9999 xx 000 0 ara d
040 _aGCL /
_cGCL
082 0 4 _a301.323
_bي م
100 1 _aمحمد محمود الصياد
245 1 0 _aماهو الجنس ؟ برهان من العلماء /
_cمحمد محمود الصياد
700 1 _aيوسف ابوالحجاج
260 _aالقاهرة :
_bوزارة التربية والتعليم
300 _a94 ؛
_c16 سم
490 _aالالف كتاب
_v0
650 0 4 _aالجنس
650 0 4 _aالجوانب الصحية
650 0 4 _aالتربية الجنسية
942 _2ddc
_cBK
999 _c43294
_d43294